Obytný súbor – nájomné bývanie, Košice

Salvato in:
Dettagli Bibliografici
Autore principale: Husár, Dávid (Autore)
Altri autori: Paňák, Pavel (Relatore della tesi)
Natura: Manoscritto Libro
Lingua:slovacco
Pubblicazione: 2021
Soggetti:
Accesso online:http://is.stuba.sk/zp/portal_zp.pl?podrobnosti=165141
https://opac.crzp.sk/?fn=detailBiblioForm&sid=7E417B54B864B7C45220FF4635AB
Tags: Aggiungi Tag
Nessun Tag, puoi essere il primo ad aggiungerne!!

MARC

LEADER 00000ntm a22000003a 4500
001 stuzp83812
003 SK-STU
005 20230512142932.9
007 ta
008 150427s2015----xo-----f-mn---000-0-slo-d
040 |a STU  |b slo 
041 0 |a slo 
100 1 |a Husár, Dávid  |u 010310  |4 aut  |U SvF Stavebná fakulta  |T SvF Katedra architektúry  |X 81259  |U V181|V310  |Y 19  |7 81259 
242 0 1 |a Residential complex - rental housing, Košice  |y eng 
245 1 0 |a Obytný súbor – nájomné bývanie, Košice 
260 |c 2021 
650 4 |a bytový dom  |2 slo 
650 4 |a Košice  |2 slo 
650 4 |a nájomné bývanie  |2 slo 
650 4 |a apartment building  |2 eng 
650 4 |a Košice  |2 eng 
650 4 |a rental housing  |2 eng 
700 1 |a Paňák, Pavel  |u 051110  |k Z1  |4 ths  |U FAD Fakulta architektúry a dizajnu  |T FAD Ústav architektúry obytných budov  |X 70322  |U A1110  |Y 392  |7 A000070322 
856 4 |u http://is.stuba.sk/zp/portal_zp.pl?podrobnosti=165141 
856 4 |u https://opac.crzp.sk/?fn=detailBiblioForm&sid=7E417B54B864B7C45220FF4635AB